| 000 | 00605nam a2200217Ia 4500 | ||
|---|---|---|---|
| 005 | 20250108124950.0 | ||
| 008 | 008 250107s9999 xx 000 0 eng d | ||
| 037 | _aTB | ||
| 040 |
_aCRL _beng _cCRL |
||
| 041 |
_aeng _2eng |
||
| 084 | _aO168,3N49,DM 111R0 | ||
| 084 | _qCRL | ||
| 100 |
_aSivasankari Au. _9636931 |
||
| 245 | 0 |
_aKnit India through literature _cSivasankari Au. |
|
| 260 |
_aChennai, India _bVanathi Pathippakam _c2847 |
||
| 365 |
_aINR _b350 |
||
| 490 | _vVol.1 | ||
| 650 | _aENGLISH LITERATURE | ||
| 942 |
_cTB _hO168,3N49,DM 111R0 |
||
| 999 |
_c1235235 _d1235235 |
||